[Event "Moscow open 2010 B"]
[Site "?"]
[Date "2010.02.07"]
[Round "9.2"]
[White "Ulkhanov, Azamat"]
[Black "Kotov, Alexander"]
[Result "0-1"]
[WhiteElo "2133"]
[BlackElo "2172"]
[PlyCount "64"]
[EventDate "2010.01.30"]

1. e4 c5 2. Nf3 d6 3. d4 cxd4 4. Nxd4 Nf6 5. Nc3 a6 6. Bg5 e6 7. f4 b5 8. e5
dxe5 9. fxe5 Qc7 10. exf6 Qe5+ 11. Ne4 Qxe4+ 12. Qe2 Qd5 13. Nf3 Nd7 14. Rd1
Qf5 15. g4 Qxg4 16. Rg1 Qc4 17. Ne5 Qc5 18. Nxd7 Bxd7 19. Qd3 Qd5 20. Qe3 Qb7
21. Bg2 Bc6 22. fxg7 Bxg7 23. Bh3 Be4 24. Rd2 Rc8 25. Bh4 Bxb2 26. Qg5 f6 27.
Qh5+ Bg6 28. Rxg6 Qe4+ 29. Re2 Qxg6 30. Rxe6+ Kf7 31. Qf3 Qg1+ 32. Ke2 Rxc2+
0-1

[Event "Moscow open 2010 B"]
[Site "?"]
[Date "2010.02.07"]
[Round "9.3"]
[White "Dzheranjan, Sergey"]
[Black "Krivonos, Nikolay"]
[Result "0-1"]
[WhiteElo "2181"]
[BlackElo "2288"]
[PlyCount "80"]
[EventDate "2010.01.30"]

1. e4 c5 2. c3 d5 3. exd5 Qxd5 4. d4 Nc6 5. Nf3 Nf6 6. Be3 cxd4 7. cxd4 e6 8.
Nc3 Qa5 9. a3 Nd5 10. Bd2 Qd8 11. Bd3 Be7 12. O-O Bf6 13. Ne4 Bxd4 14. Nxd4
Nxd4 15. Qh5 Nf5 16. Ng5 g6 17. Qf3 Bd7 18. Bxf5 gxf5 19. Bc3 Qxg5 20. Bxh8 f6
21. h4 Qg6 22. Rfd1 Bc6 23. Rac1 Kf7 24. b4 Ne7 25. Rxc6 bxc6 26. Rd7 Rxh8 27.
Qf4 Re8 28. Rxa7 e5 29. Qc4+ Kf8 30. Qe6 h5 31. Qd6 f4 32. a4 f3 33. g3 Qf5 34.
a5 Kf7 35. Qxc6 Rd8 36. Qc4+ Kf8 37. Kh2 Rd1 38. g4 hxg4 39. Ra8+ Kg7 40. Ra7
g3+ 0-1

[Event "Moscow open 2010 B"]
[Site "?"]
[Date "2010.02.07"]
[Round "9.4"]
[White "Chasovnikova, Eugenia"]
[Black "Zhurikhin, Alexander"]
[Result "0-1"]
[WhiteElo "2251"]
[BlackElo "2178"]
[PlyCount "96"]
[EventDate "2010.01.30"]

1. d4 Nf6 2. Nf3 e6 3. c4 b6 4. g3 Bb7 5. Bg2 Bb4+ 6. Nbd2 O-O 7. O-O Bxd2 8.
Qxd2 d6 9. b4 a5 10. b5 Nbd7 11. Ba3 Re8 12. Rfd1 Qc8 13. Bh3 Qd8 14. Bb2 Bxf3
15. exf3 d5 16. f4 dxc4 17. f5 exf5 18. Bxf5 Nd5 19. Qc2 N7f6 20. Re1 Qd6 21.
Re5 g6 22. Bh3 Qb4 23. Rc1 Qxb5 24. Bf1 Qd7 25. Bxc4 Re6 26. Rce1 Rae8 27. Qe2
c6 28. a4 Qd6 29. f4 Nd7 30. Qf2 Nxe5 31. fxe5 Qb4 32. Bxd5 cxd5 33. Rf1 f5 34.
exf6 Kf7 35. Qf4 Rc8 36. Bc1 Rc2 37. Be3 Qb2 38. Qh6 Rg2+ 39. Kh1 Rxh2+ 40.
Qxh2 Qxh2+ 41. Kxh2 Rxe3 42. g4 Re4 43. Rb1 Kxf6 44. Rxb6+ Kg5 45. Rb5 Rxd4 46.
Rxa5 Kxg4 47. Ra7 Rd2+ 48. Kg1 h5 0-1

[Event "Moscow open 2010 B"]
[Site "?"]
[Date "2010.02.07"]
[Round "9.5"]
[White "Sechin, Akim"]
[Black "Nefedov, Sergey"]
[Result "0-1"]
[WhiteElo "2178"]
[BlackElo "2223"]
[PlyCount "50"]
[EventDate "2010.01.30"]

1. e4 d5 2. Nc3 dxe4 3. Nxe4 Nf6 4. Nxf6+ gxf6 5. d4 e6 6. Be3 Be7 7. Qh5 c6 8.
O-O-O Qd5 9. Qxd5 cxd5 10. Nf3 Nc6 11. h4 a6 12. h5 Rg8 13. c3 b5 14. Bd3 f5
15. Rdg1 f6 16. g4 Rxg4 17. Rxg4 fxg4 18. Bxh7 gxf3 19. h6 Bf8 20. Rg1 Kd7 21.
Rg8 Bb7 22. Kd1 Bxh6 23. Rxa8 Bxe3 24. fxe3 Bxa8 25. Ke1 e5 0-1

[Event "Moscow open 2010 B"]
[Site "?"]
[Date "2010.02.07"]
[Round "9.6"]
[White "Shefer, Alexander"]
[Black "Nechaev, Oleg"]
[Result "0-1"]
[WhiteElo "2188"]
[BlackElo "2153"]
[PlyCount "70"]
[EventDate "2010.01.30"]

1. d4 Nf6 2. c4 c5 3. d5 b5 4. cxb5 a6 5. b6 d6 6. Nc3 Nbd7 7. a4 a5 8. e4 g6
9. Nf3 Bg7 10. Bb5 O-O 11. O-O Ba6 12. Qe2 Bxb5 13. Nxb5 Nxb6 14. Ra3 Qd7 15.
Bd2 Rfb8 16. b3 Ne8 17. Bc3 Nc7 18. Nxc7 Qxc7 19. Bxg7 Kxg7 20. Rc1 Nd7 21. Nd2
Rb4 22. Raa1 Qb7 23. Qe3 Rb8 24. h3 Qa6 25. Qc3+ Kg8 26. Qc2 Ne5 27. Rab1 Rd4
28. Qc3 Qe2 29. Rc2 Rd3 30. Qb2 Rb4 31. Nc4 Nxc4 32. Rxe2 Nxb2 33. Rbxb2 Rdxb3
34. Rxb3 Rxb3 35. e5 Kf8 0-1

[Event "Moscow open 2010 B"]
[Site "?"]
[Date "2010.02.07"]
[Round "9.9"]
[White "Belyakov, Bogdan"]
[Black "Beklarjan, Lazar"]
[Result "1-0"]
[WhiteElo "2204"]
[BlackElo "2278"]
[PlyCount "71"]
[EventDate "2010.01.30"]

1. e4 e5 2. Nf3 Nc6 3. d4 exd4 4. Nxd4 Bc5 5. Nb3 Bb6 6. a4 a5 7. Nc3 Nge7 8.
Bg5 f6 9. Bh4 O-O 10. Qd2 d6 11. Bc4+ Kh8 12. O-O-O Ne5 13. Be2 Be6 14. Nd5
Nxd5 15. exd5 Bd7 16. Nd4 Bxd4 17. Qxd4 Qe8 18. Rhe1 Bxa4 19. f4 c5 20. Qc3 Ng6
21. Bh5 Qc8 22. Bxg6 hxg6 23. Re6 Bd7 24. Bxf6 Bxe6 25. Bxg7+ Kg8 26. Bxf8 Qxf8
27. dxe6 Qxf4+ 28. Kb1 Re8 29. Re1 Qb4 30. Qg3 Kg7 31. h4 Qc4 32. Qxd6 Qxh4 33.
Rf1 Re7 34. Qe5+ Kh7 35. Rf8 Rg7 36. e7 1-0

[Event "Moscow open 2010 B"]
[Site "?"]
[Date "2010.02.07"]
[Round "9.10"]
[White "Sakharov, Lev"]
[Black "Seliverstov, Vladimir"]
[Result "0-1"]
[WhiteElo "2178"]
[BlackElo "2272"]
[PlyCount "70"]
[EventDate "2010.01.30"]

1. d4 Nf6 2. c4 c6 3. Nc3 d5 4. Nf3 dxc4 5. a4 Bg4 6. Ne5 Bh5 7. g3 e6 8. Bg2
Bb4 9. O-O a5 10. Nxc4 Nd5 11. Qd3 Be7 12. e4 Nb4 13. Qd2 O-O 14. b3 Nd7 15.
Bb2 e5 16. Ne2 Nc5 17. Nc1 exd4 18. Bxd4 Nc2 19. Qxc2 Qxd4 20. Rb1 Rfd8 21. Ne3
Qd2 22. Rb2 Qxc2 23. Rxc2 f6 24. f4 Bf7 25. Rc3 Bf8 26. Rf2 Re8 27. e5 fxe5 28.
f5 e4 29. Rfc2 Na6 30. Re2 Bb4 31. Rcc2 Rad8 32. Nf1 Nc5 33. Re3 Nd3 34. Kh1
Bc5 35. Ree2 Bh5 0-1

[Event "Moscow open 2010 B"]
[Site "?"]
[Date "2010.02.07"]
[Round "9.11"]
[White "Perednij, Evgenij"]
[Black "Vakhlamov, Igor L"]
[Result "0-1"]
[WhiteElo "2180"]
[BlackElo "2268"]
[PlyCount "58"]
[EventDate "2010.01.30"]

1. e4 c5 2. Nf3 g6 3. d4 Bg7 4. Nc3 cxd4 5. Nxd4 Nc6 6. Be3 Nf6 7. Be2 O-O 8.
O-O d5 9. exd5 Nb4 10. d6 Qxd6 11. Ncb5 Qd8 12. c4 a6 13. Nc3 e5 14. Nb3 Qc7
15. Qc1 Bg4 16. f3 Bf5 17. Bc5 Nc2 18. Rb1 Rfd8 19. Na4 Nd4 20. Nxd4 exd4 21.
Bb6 Qc6 22. Bxd8 Rxd8 23. b3 d3 24. Rd1 d2 25. Qa3 Qe6 26. Kf1 Bxb1 27. Nc5 Qe3
28. Qa5 b6 29. Qxa6 Ng4 0-1

[Event "Moscow open 2010 B"]
[Site "?"]
[Date "2010.02.07"]
[Round "9.12"]
[White "Koshevoy, Sergey"]
[Black "Anarkulov, A."]
[Result "1-0"]
[WhiteElo "2265"]
[BlackElo "2177"]
[PlyCount "140"]
[EventDate "2010.01.30"]

1. d4 Nf6 2. c4 g6 3. Nc3 Bg7 4. e4 O-O 5. Nf3 d6 6. h3 c5 7. d5 e6 8. Bd3 exd5
9. cxd5 a6 10. a4 Nbd7 11. O-O Re8 12. Re1 Ne5 13. Nxe5 dxe5 14. Be3 Bf8 15. a5
Nh5 16. Na4 Qxa5 17. b4 Qd8 18. bxc5 Nf4 19. Bf1 Qf6 20. Nb6 Rb8 21. Kh2 g5 22.
g3 Ng6 23. Be2 h6 24. Bg4 Bxg4 25. Qxg4 Qd8 26. Rab1 Re7 27. h4 f6 28. d6 Rf7
29. Qf5 Nh8 30. h5 Kg7 31. Red1 Qe8 32. Nd5 Qa4 33. Nc7 Kg8 34. Rd2 Qc6 35. Rb6
Qa4 36. Kg2 Qc4 37. Rdb2 a5 38. f3 a4 39. Qe6 Qd3 40. Kf2 a3 41. Qb3 Qxb3 42.
R2xb3 a2 43. Ra3 f5 44. Kg2 g4 45. Rxa2 fxe4 46. fxg4 Rf3 47. Nd5 Nf7 48. Rf2
Rxf2+ 49. Kxf2 Nd8 50. Nf6+ Kf7 51. Nxe4 Ra8 52. g5 Ra2+ 53. Kf3 Ra3 54. g4 Ke6
55. gxh6 Ra1 56. h7 Bg7 57. d7+ Kxd7 58. Rg6 Bh8 59. Rg8 Nf7 60. Ng5 e4+ 61.
Kxe4 Ra4+ 62. Kf5 Nh6+ 63. Kg6 Ra6+ 64. Ne6 Rxe6+ 65. Kg5 Nf7+ 66. Kf4 Be5+ 67.
Kf3 Re8 68. g5 Nd8 69. g6 Ne6 70. h6 Nf8 1-0

[Event "Moscow open 2010 B"]
[Site "?"]
[Date "2010.02.07"]
[Round "9.13"]
[White "Pranizin, Gennady"]
[Black "Stets, Vasilij"]
[Result "0-1"]
[WhiteElo "2162"]
[BlackElo "2247"]
[PlyCount "64"]
[EventDate "2010.01.30"]

1. e4 c5 2. Nc3 e6 3. Nf3 a6 4. d4 cxd4 5. Nxd4 Qc7 6. Bd3 Nf6 7. Bg5 b5 8. Bh4
Bb7 9. a3 Nc6 10. Nb3 Ne5 11. Bg3 d6 12. O-O Be7 13. f4 Nxd3 14. cxd3 O-O 15.
Rc1 Qb6+ 16. Bf2 Qd8 17. Ne2 Ng4 18. Ned4 Nxf2 19. Rxf2 Bf6 20. Qe1 Rc8 21.
Rxc8 Qxc8 22. Rc2 Qd7 23. Qe3 Rc8 24. Rxc8+ Qxc8 25. h3 Qc7 26. Qf2 Qb6 27. g4
h6 28. h4 Bd8 29. Kh2 e5 30. fxe5 dxe5 31. Qf5 exd4 32. Qd7 Qc7+ 0-1

[Event "Moscow open 2010 B"]
[Site "?"]
[Date "2010.02.07"]
[Round "9.14"]
[White "Kondenko, Alexey"]
[Black "Zenzera, Alexey"]
[Result "1-0"]
[WhiteElo "2234"]
[BlackElo "2139"]
[PlyCount "91"]
[EventDate "2010.01.30"]

1. Nf3 Nf6 2. c4 c5 3. Nc3 e6 4. g3 b6 5. Bg2 Bb7 6. O-O d6 7. b3 Be7 8. Bb2
O-O 9. Qc2 Nbd7 10. Rad1 a6 11. d4 cxd4 12. Rxd4 Qc7 13. Rfd1 Rfd8 14. Qb1 Nc5
15. b4 Ncd7 16. a3 Rac8 17. h3 Qb8 18. Rh4 Ne5 19. Nxe5 dxe5 20. Rxd8+ Rxd8 21.
Bxb7 Qxb7 22. Ne4 Nxe4 23. Rxe4 f5 24. Re3 e4 25. h4 Qc6 26. Qc2 Rc8 27. Be5 b5
28. c5 Rd8 29. Qb2 Bf8 30. Rc3 Rd1+ 31. Kg2 Rd5 32. Rc2 Rd1 33. Bf4 Rd5 34. Be3
Be7 35. Rd2 Bf6 36. Qc2 Kf7 37. Kf1 Ke7 38. Rxd5 Qxd5 39. a4 Kd7 40. axb5 axb5
41. Qc1 Kc6 42. Qa3 Kd7 43. Qa5 Qc6 44. Bf4 Bc3 45. Qa7+ Kc8 46. Bd6 1-0

[Event "Moscow open 2010 B"]
[Site "?"]
[Date "2010.02.07"]
[Round "9.15"]
[White "Krivenko, Sergey"]
[Black "Gordievsky, Dmitry"]
[Result "1-0"]
[WhiteElo "2136"]
[BlackElo "2229"]
[PlyCount "95"]
[EventDate "2010.01.30"]

1. d4 d5 2. c4 c6 3. Nf3 Nf6 4. e3 Bf5 5. Nc3 e6 6. Nh4 Be4 7. f3 Bg6 8. g3
Nbd7 9. a3 Bd6 10. Nxg6 hxg6 11. f4 a6 12. c5 Bc7 13. Bd2 Ne4 14. Nxe4 dxe4 15.
Qc2 Nf6 16. Bc4 Rh3 17. Bf1 Rh7 18. Be2 Qd5 19. O-O-O g5 20. h3 O-O-O 21. Be1
gxf4 22. gxf4 g5 23. Bc4 Qf5 24. fxg5 Qxg5 25. Qe2 Nd5 26. Bd2 Rg8 27. Rdf1 f5
28. b4 Qg2 29. Qe1 Bh2 30. Bxd5 cxd5 31. Rf2 Qxh3 32. b5 Rg2 33. bxa6 bxa6 34.
Qe2 Rxf2 35. Qxf2 f4 36. Qe2 fxe3 37. Qxa6+ Rb7 38. Ba5 e2 39. Qa8+ Kd7 40.
Qxb7+ Ke8 41. Qc8+ Kf7 42. Qd7+ Kg6 43. Kb2 Qg2 44. Qxe6+ Kg7 45. Re1 Bg3 46.
Qg4+ Kf6 47. Qxe2 Qh3 48. Qf1+ 1-0

[Event "Moscow open 2010 B"]
[Site "?"]
[Date "2010.02.07"]
[Round "9.16"]
[White "Bronnikov, Konstantin"]
[Black "Vorobjev, Dmitry"]
[Result "1-0"]
[WhiteElo "2227"]
[BlackElo "2100"]
[PlyCount "79"]
[EventDate "2010.01.30"]

1. e4 c5 2. Nc3 Nc6 3. g3 g6 4. Bg2 Bg7 5. d3 e6 6. Be3 d6 7. Qd2 Qa5 8. Nd1
Qxd2+ 9. Kxd2 e5 10. Nc3 Nge7 11. Nb5 Kd7 12. a4 f5 13. c3 Rf8 14. Ne2 a6 15.
Na3 Rb8 16. h4 h6 17. Nc4 b5 18. axb5 axb5 19. Na5 Nxa5 20. Rxa5 Nc6 21. Ra2
Kc7 22. f4 Be6 23. Ra6 Ra8 24. Rxa8 Rxa8 25. fxe5 Ra2 26. exd6+ Kxd6 27. Kc2 b4
28. Nc1 Ra7 29. exf5 bxc3 30. bxc3 Bxf5 31. Bf4+ Kd7 32. Bd5 Ra3 33. Nb3 Ne5
34. Kb2 Ra7 35. Nxc5+ Kd6 36. Bb3 Kxc5 37. d4+ Kd6 38. dxe5+ Ke7 39. Be3 Rd7
40. Bd4 1-0

[Event "Moscow open 2010 B"]
[Site "?"]
[Date "2010.02.07"]
[Round "9.17"]
[White "Simonian, Tigran"]
[Black "Chapygin, Sergey"]
[Result "1-0"]
[WhiteElo "2217"]
[BlackElo "2076"]
[PlyCount "95"]
[EventDate "2010.01.30"]

1. d4 f5 2. c4 Nf6 3. g3 e6 4. Bg2 Be7 5. Nd2 O-O 6. Qc2 Nc6 7. Ngf3 Qe8 8. a3
a5 9. b3 d6 10. Bb2 Bd7 11. O-O Qh5 12. e3 Rae8 13. Ne1 e5 14. Nd3 f4 15. exf4
exd4 16. Rfe1 Bf5 17. Nf3 Bh3 18. Nxd4 Bxg2 19. Kxg2 Nxd4 20. Bxd4 Ng4 21. h3
Nh6 22. Qe2 Qxe2 23. Rxe2 Nf5 24. Bb2 Bf6 25. Rae1 Rxe2 26. Rxe2 Bxb2 27. Rxb2
Re8 28. g4 Nd4 29. f5 h5 30. Nf4 hxg4 31. hxg4 Re4 32. Kg3 Kf7 33. Nd5 c6 34.
Nc3 Re1 35. Kf4 Ra1 36. Ke4 c5 37. Nb1 Ne2 38. Rxe2 Rxb1 39. Re3 Ke7 40. Kf4+
Kd7 41. a4 d5 42. cxd5 Kd6 43. g5 Rh1 44. f6 gxf6 45. gxf6 Rh8 46. Kf5 Kxd5 47.
f7 Kd4 48. Re8 1-0

[Event "Moscow open 2010 B"]
[Site "?"]
[Date "2010.02.07"]
[Round "9.19"]
[White "Khanin, Semen"]
[Black "Dzhangobegov, Vladimir"]
[Result "0-1"]
[WhiteElo "1966"]
[BlackElo "2296"]
[PlyCount "52"]
[EventDate "2010.01.30"]

1. e4 c5 2. Nf3 d6 3. d4 cxd4 4. Nxd4 Nf6 5. Nc3 e6 6. Be3 Be7 7. f3 Nc6 8. Qd2
a6 9. g4 Nxd4 10. Bxd4 O-O 11. O-O-O b5 12. g5 Nd7 13. Rg1 b4 14. Ne2 a5 15. h4
Ne5 16. Bxe5 dxe5 17. Qxd8 Rxd8 18. Rxd8+ Bxd8 19. Kb1 Bb6 20. Rg2 Ba6 21. c3
Bd3+ 22. Kc1 Be3+ 23. Kd1 bxc3 24. Ng3 c2+ 25. Rxc2 Bxc2+ 26. Kxc2 Bf2 0-1

[Event "Moscow open 2010 B"]
[Site "?"]
[Date "2010.02.07"]
[Round "9.20"]
[White "Ustinov, Alexey"]
[Black "Omariev, Maksim"]
[Result "0-1"]
[WhiteElo "2207"]
[BlackElo "2291"]
[PlyCount "62"]
[EventDate "2010.01.30"]

1. Nf3 Nf6 2. g3 d5 3. Bg2 c6 4. O-O Bf5 5. d3 e6 6. Nbd2 Be7 7. b3 h6 8. Bb2
Nbd7 9. Re1 O-O 10. e4 Bg6 11. Qe2 a5 12. a3 Bh5 13. h3 Qb6 14. e5 Ne8 15. g4
Bg6 16. Bd4 c5 17. Be3 Nc7 18. g5 hxg5 19. Bxg5 Bxg5 20. Nxg5 Nb5 21. Qg4 Nd4
22. Rac1 a4 23. bxa4 Bf5 24. Qg3 Rxa4 25. c4 Rxa3 26. cxd5 Rxd3 27. Qf4 Qb4 28.
Nde4 exd5 29. Ng3 Nf3+ 30. Qxf3 Rxf3 31. Bxf3 Qf4 0-1

[Event "Moscow open 2010 B"]
[Site "?"]
[Date "2010.02.07"]
[Round "9.21"]
[White "Zuykov, Andrei V"]
[Black "Kuznetsov, Mikhail V"]
[Result "1-0"]
[WhiteElo "2289"]
[BlackElo "2196"]
[PlyCount "75"]
[EventDate "2010.01.30"]

1. e4 c5 2. Nf3 Nf6 3. Nc3 d5 4. exd5 Nxd5 5. Bc4 e6 6. O-O Be7 7. d4 Nxc3 8.
bxc3 O-O 9. Qe2 Nc6 10. Qe4 Qa5 11. Bd2 g6 12. Rab1 a6 13. Bd3 Qa4 14. Qf4 Ra7
15. Ng5 cxd4 16. Qh4 h5 17. c4 Qa3 18. g4 Ne5 19. Qg3 Nxg4 20. Ne4 f5 21. Rb3
Qa4 22. h3 fxe4 23. Bxe4 Qxc4 24. hxg4 h4 25. Qg2 Kg7 26. Re1 Bd6 27. Rh3 Bb4
28. Bd3 Qc5 29. Qe4 Rf6 30. Bxb4 Qxb4 31. Qe5 g5 32. Qxg5+ Kf7 33. Re5 Qb1+ 34.
Kg2 Bd7 35. Rxh4 Bc6+ 36. Be4 Rxf2+ 37. Kxf2 Qxc2+ 38. Bxc2 1-0

[Event "Moscow open 2010 B"]
[Site "?"]
[Date "2010.02.07"]
[Round "9.22"]
[White "Petrosyan, Tigran S"]
[Black "Kruchev, Boris"]
[Result "1-0"]
[WhiteElo "2191"]
[BlackElo "2284"]
[PlyCount "72"]
[EventDate "2010.01.30"]

1. e4 e5 2. Nf3 Nc6 3. Bb5 a6 4. Bxc6 dxc6 5. O-O f6 6. d4 Bg4 7. c3 Bd6 8. Be3
Ne7 9. Nbd2 Ng6 10. Qb3 Qc8 11. dxe5 Nxe5 12. Nxe5 Bxe5 13. f4 Be6 14. Qd1 Bd6
15. f5 Bf7 16. Qg4 Rg8 17. Nb3 Bxb3 18. axb3 Qd7 19. Qh5+ Qf7 20. Qxf7+ Kxf7
21. Bf4 Rge8 22. Rae1 Rad8 23. g3 Re7 24. Kg2 Be5 25. Kf3 g5 26. fxg6+ hxg6 27.
Rf2 Ke6 28. h4 Rh7 29. Kg4 Rd3 30. Ref1 Rf7 31. Rf3 Rxf3 32. Rxf3 Rd7 33. Rf2
Rd1 34. Kf3 b5 35. b4 Ra1 36. Rd2 Bd6 {Çàïèñü íåðàçáîð~~èâà.} 1-0

[Event "Moscow open 2010 B"]
[Site "?"]
[Date "2010.02.07"]
[Round "9.24"]
[White "Pugachov, Vladimir"]
[Black "Demidov, Alexandr"]
[Result "0-1"]
[WhiteElo "2123"]
[BlackElo "2247"]
[PlyCount "78"]
[EventDate "2010.01.30"]

1. e4 e5 2. Nf3 Nc6 3. Bc4 Nf6 4. Ng5 d5 5. exd5 b5 6. dxc6 bxc4 7. Qe2 h6 8.
Qxe5+ Be7 9. Ne4 O-O 10. h3 Re8 11. O-O Nd5 12. Nbc3 Nb4 13. Rb1 Bd6 14. Qb5
Re5 15. Qxc4 Ba6 16. Qb3 Bxf1 17. Kxf1 Nxc6 18. d3 Qe8 19. a3 Rb8 20. Qc4 Na5
21. Qa2 Kh7 22. Bf4 Re6 23. Nxd6 cxd6 24. b4 Nc6 25. Nd5 Rc8 26. c4 Ne7 27. Ne3
g5 28. Bh2 Qc6 29. Qc2 f5 30. d4 Re4 31. g4 Rxd4 32. gxf5 Qh1+ 33. Ke2 Qxh2 34.
f6+ Ng6 35. Qf5 Rd8 36. f7 Rf8 37. Ng4 Qf4 38. Nf6+ Kh8 39. Qxg6 Rd2+ 0-1

[Event "Moscow open 2010 B"]
[Site "?"]
[Date "2010.02.07"]
[Round "9.25"]
[White "Nikologorsky, Matfei"]
[Black "Borisovsky, Viktor"]
[Result "1/2-1/2"]
[WhiteElo "2234"]
[BlackElo "2113"]
[PlyCount "77"]
[EventDate "2010.01.30"]

1. e4 c5 2. Nc3 Nc6 3. g3 g6 4. Bg2 Bg7 5. d3 e5 6. f4 d6 7. Nf3 Nge7 8. O-O
O-O 9. Be3 Nd4 10. h3 Nec6 11. Qd2 Qa5 12. Kh2 f5 13. Rf2 Rb8 14. Raf1 Nb4 15.
Bxd4 exd4 16. Nd5 fxe4 17. dxe4 Nc6 18. Qxa5 Nxa5 19. c3 Nc6 20. cxd4 Nxd4 21.
b3 Nxf3+ 22. Bxf3 Bd4 23. Rd2 Kg7 24. Kg2 Bd7 25. g4 Bc6 26. Nc7 Bd7 27. f5
Rbc8 28. Nd5 g5 29. b4 b6 30. bxc5 bxc5 31. h4 h6 32. Rb1 Rb8 33. Rdd1 Ba4 34.
Rdc1 Rb2+ 35. Rxb2 Bxb2 36. Rb1 Rb8 37. hxg5 hxg5 38. Ne3 Rb4 39. Bd1 1/2-1/2

[Event "Moscow open 2010 B"]
[Site "?"]
[Date "2010.02.07"]
[Round "9.26"]
[White "Zhadanov, Nikolay"]
[Black "Sukhov, Maxim"]
[Result "1/2-1/2"]
[WhiteElo "2231"]
[BlackElo "2163"]
[PlyCount "121"]
[EventDate "2010.01.30"]

1. e4 c5 2. Nf3 e6 3. d3 Nc6 4. g3 g6 5. Nbd2 Bg7 6. Bg2 Nge7 7. O-O O-O 8. Nb3
d6 9. d4 cxd4 10. Nbxd4 Nxd4 11. Nxd4 a6 12. c4 Qc7 13. b3 Bd7 14. Be3 b5 15.
cxb5 axb5 16. Qd2 Ra6 17. Rfc1 Qb7 18. Qb4 e5 19. Nc2 Nc6 20. Qd2 Rfa8 21. a3
Na5 22. Rab1 Be6 23. Qd3 Nc6 24. Bf1 Ne7 25. f3 Bd7 26. a4 d5 27. Bc5 dxe4 28.
fxe4 Bf8 29. Nb4 Ra5 30. Kh1 Rc8 31. Bxe7 Bxe7 32. Nd5 Bd8 33. Rxc8 Qxc8 34.
Qc3 Qxc3 35. Nxc3 bxa4 36. bxa4 Ra8 37. Bb5 Bh3 38. Bf1 Be6 39. Nd5 Kg7 40. Bb5
f5 41. Bc6 Rc8 42. Rb7+ Kh6 43. Bd7 Bxd7 44. Rxd7 fxe4 45. h4 g5 46. Kg2 gxh4
47. gxh4 Bxh4 48. a5 Rc2+ 49. Kh3 Bf2 50. a6 Ra2 51. Nc3 Ra3 52. Kg2 Rxc3 53.
Kxf2 Ra3 54. Re7 Kg5 55. a7 h6 56. Rg7+ Kf6 57. Rh7 Kg6 58. Re7 Kf5 59. Rf7+
Ke6 60. Rh7 Kd5 61. Rd7+ 1/2-1/2

[Event "Moscow open 2010 B"]
[Site "?"]
[Date "2010.02.07"]
[Round "9.27"]
[White "Cherepanov, Vladislav"]
[Black "Arkhipov, Vladimir"]
[Result "0-1"]
[WhiteElo "2229"]
[BlackElo "2062"]
[PlyCount "84"]
[EventDate "2010.01.30"]

1. d4 c6 2. c4 d5 3. Nc3 Nf6 4. Nf3 a6 5. e3 g6 6. Be2 Bg7 7. O-O O-O 8. b3
Nbd7 9. a4 Ne4 10. Bb2 Nxc3 11. Bxc3 Nf6 12. Rc1 Ne4 13. Bb4 a5 14. Ba3 Be6 15.
Ne1 f5 16. Nd3 g5 17. Qc2 Rf6 18. Nc5 Nxc5 19. dxc5 Rh6 20. Bb2 Qc7 21. g3 Bxb2
22. Qxb2 f4 23. exf4 gxf4 24. Rfe1 Rf8 25. Bf1 Qd7 26. Re5 Rf5 27. Rxf5 Bxf5
28. cxd5 cxd5 29. Qd2 e5 30. Bg2 d4 31. Qxa5 e4 32. Qb5 f3 33. Bf1 e3 34. c6
Rxc6 35. Rxc6 bxc6 36. Bc4+ Kf8 37. Qc5+ Kg7 38. Qe5+ Kg6 39. fxe3 d3 40. e4
Bh3 41. Kf2 d2 42. Bf7+ Qxf7 0-1

[Event "Moscow open 2010 B"]
[Site "?"]
[Date "2010.02.07"]
[Round "9.28"]
[White "Samdanov, Samdan"]
[Black "Uraev, Ivan"]
[Result "0-1"]
[WhiteElo "1980"]
[BlackElo "2226"]
[PlyCount "242"]
[EventDate "2010.01.30"]

1. d4 Nf6 2. Nf3 e6 3. c3 b6 4. Bg5 Bb7 5. Nbd2 Be7 6. Qc2 d6 7. e4 Nbd7 8. Rd1
h6 9. Bh4 a6 10. Be2 Nh5 11. Bxe7 Qxe7 12. g3 O-O 13. O-O Nhf6 14. e5 Nd5 15.
a3 b5 16. Rfe1 f5 17. exf6 Rxf6 18. Ne4 Rf7 19. Nh4 Nf4 20. Bg4 Nf8 21. Ng2
Nxg2 22. Kxg2 Re8 23. Kf1 Qd8 24. f4 Qa8 25. Nf2 Rf6 26. Bh5 Rd8 27. Re3 a5 28.
Rde1 Bd5 29. Be2 Qb7 30. b3 Rb8 31. Rd1 Qa7 32. Ne4 Rf7 33. c4 bxc4 34. bxc4
Bc6 35. c5 Qb7 36. cxd6 Bxe4 37. Qxe4 cxd6 38. d5 exd5 39. Qxd5 Qb6 40. Kf2 Re8
41. Qd4 Qxd4 42. Rxd4 Rxe3 43. Kxe3 Re7+ 44. Kf3 Rd7 45. Rd5 Ne6 46. Rxa5 d5
47. Ke3 d4+ 48. Kd2 Rc7 49. Bd1 Nc5 50. Bc2 Kf7 51. Ra8 Ke6 52. Rd8 Ra7 53. a4
d3 54. Bxd3 Rxa4 55. Bc2 Ra1 56. Rc8 Kd6 57. Rg8 Ra7 58. h4 Ke6 59. Ke3 Kf7 60.
Rc8 Ra3+ 61. Kf2 Ne6 62. Be4 Nd4 63. Rc4 Nb5 64. h5 Ra7 65. Kf3 Nd6 66. Bg6+
Ke6 67. Rc5 Rb7 68. Re5+ Kf6 69. Re3 Rb5 70. Ra3 Rb7 71. Rd3 Rb6 72. g4 Ke7 73.
Re3+ Kf6 74. Rc3 Nb5 75. Rc5 Nd4+ 76. Ke4 Ne6 77. Rf5+ Ke7 78. Rf7+ Kd6 79. Bf5
Rb4+ 80. Ke3 Rb3+ 81. Kd2 Nxf4 82. Rxg7 Ke5 83. Rh7 Rb6 84. Kc3 Rc6+ 85. Kb4
Rb6+ 86. Kc5 Ra6 87. Bg6 Kf6 88. Rf7+ Kg5 89. Rf5+ Kxg4 90. Kb5 Re6 91. Rxf4+
Kxf4 92. Kc4 Rd6 93. Kc5 Rd1 94. Kc4 Ke5 95. Kc3 Kd5 96. Bf7+ Ke4 97. Kc2 Rd6
98. Bg6+ Ke3 99. Kc3 Rc6+ 100. Kb4 Kd4 101. Kb3 Rc3+ 102. Kb2 Rc7 103. Kb3 Ke3
104. Kb2 Kf4 105. Kb3 Kg4 106. Kb4 Rc1 107. Bf7 Kg5 108. Kb3 Kf6 109. Bg6 Ke5
110. Bf7 Kd4 111. Bg6 Rc3+ 112. Kb2 Kc4 113. Bf7+ Kd3 114. Bg6+ Kd2 115. Bh7
Rc7 116. Be4 Rc5 117. Bg6 Rb5+ 118. Ka3 Kc3 119. Ka4 Rb8 120. Bf7 Rb4+ 121. Ka3
Rb7 0-1

[Event "Moscow open 2010 B"]
[Site "?"]
[Date "2010.02.07"]
[Round "9.29"]
[White "Budin, Viktor S"]
[Black "Radomsky, Viacheslav G"]
[Result "1-0"]
[WhiteElo "2042"]
[BlackElo "2221"]
[PlyCount "89"]
[EventDate "2010.01.30"]

1. d4 d5 2. c4 c6 3. Nc3 Nf6 4. Nf3 e6 5. cxd5 exd5 6. Qc2 Bd6 7. Bg5 Nbd7 8.
e3 O-O 9. Bd3 h6 10. Bh4 Re8 11. O-O Be7 12. Bg3 Nh5 13. Nxd5 Nxg3 14. Nxe7+
Qxe7 15. hxg3 Nf6 16. Qc5 Qxc5 17. dxc5 Be6 18. Nd4 Bd5 19. Nf5 Ne4 20. b4 g6
21. Nd4 a5 22. Bxe4 Bxe4 23. a3 f5 24. Rfc1 axb4 25. axb4 Bd3 26. Nb3 Red8 27.
Rxa8 Rxa8 28. Na5 Ba6 29. Rd1 Rf8 30. Rd4 Kg7 31. g4 fxg4 32. Rxg4 Rd8 33. Rd4
Rxd4 34. exd4 Kf6 35. f3 h5 36. Kf2 g5 37. Nb3 Ke6 38. g4 hxg4 39. fxg4 Kd5 40.
Ke3 Bf1 41. Nd2 Bg2 42. Kd3 Bh3 43. Ne4 Bxg4 44. Nf6+ Ke6 45. Nxg4 1-0

[Event "Moscow open 2010 B"]
[Site "?"]
[Date "2010.02.07"]
[Round "9.30"]
[White "Kovalev, Vitaly"]
[Black "Tarasova, Viktoriya"]
[Result "0-1"]
[WhiteElo "1954"]
[BlackElo "2290"]
[PlyCount "78"]
[EventDate "2010.01.30"]

1. c4 Nf6 2. Nc3 e5 3. Nf3 Nc6 4. e3 Bb4 5. Qc2 O-O 6. Nd5 Bc5 7. a3 a5 8. b3
d6 9. Bb2 Bd7 10. Nc3 Re8 11. Be2 Bg4 12. Ng5 Bd7 13. h4 Ne7 14. g4 Bc6 15. Rh2
Qd7 16. O-O-O h6 17. Rg1 Ng6 18. Bd3 hxg5 19. Bxg6 fxg6 20. hxg5 Nh7 21. Qxg6
Nf8 22. Qh5 Qe6 23. f4 Qg6 24. Qh4 exf4 25. Rf1 f3 26. Nd5 Bxd5 27. cxd5 Nh7
28. Rxf3 Rf8 29. Rf5 Rxf5 30. gxf5 Qxf5 31. g6 Qxg6 32. Qh3 Rf8 33. Bc3 Qf5 34.
Qg3 Rf7 35. Qh4 Bb6 36. Qd8+ Nf8 37. Qh4 Qh7 38. Qxh7+ Nxh7 39. Rg2 Nf6 0-1

[Event "Moscow open 2010 B"]
[Site "?"]
[Date "2010.02.07"]
[Round "9.31"]
[White "Solcanean, Serghei"]
[Black "Varnavski, Sergei"]
[Result "1/2-1/2"]
[WhiteElo "2141"]
[BlackElo "2290"]
[PlyCount "59"]
[EventDate "2010.01.30"]

1. d4 Nf6 2. Nf3 e6 3. c4 d5 4. Nc3 Bb4 5. cxd5 exd5 6. Qa4+ Nc6 7. Bg5 Bd7 8.
Qb3 h6 9. Bd2 O-O 10. e3 Re8 11. Be2 Bf5 12. O-O Rb8 13. Rac1 Bf8 14. a3 Ne7
15. Qa2 c6 16. Rfd1 Nc8 17. Na4 Ne4 18. Be1 g5 19. Nc3 Re6 20. Nxe4 Bxe4 21.
Nd2 Bf5 22. Nf1 Nd6 23. Bb4 Nc8 24. Bxf8 Qxf8 25. b4 a6 26. Qb2 Rf6 27. Qb3 Bd7
28. Ng3 Nd6 29. Qc2 Qe8 30. Ra1 1/2-1/2

[Event "Moscow open 2010 B"]
[Site "?"]
[Date "2010.02.07"]
[Round "9.32"]
[White "Mayorov, Vasili"]
[Black "Dibrov, Ilya"]
[Result "1/2-1/2"]
[WhiteElo "2122"]
[BlackElo "2288"]
[PlyCount "30"]
[EventDate "2010.01.30"]

1. Nf3 d5 2. c4 e6 3. d4 c6 4. cxd5 exd5 5. Nc3 Nf6 6. Bg5 Nbd7 7. e3 Bd6 8.
Bd3 h6 9. Bh4 O-O 10. Qc2 b5 11. O-O Bb7 12. e4 dxe4 13. Nxe4 Be7 14. Bg3 Nxe4
15. Bxe4 Qb6 1/2-1/2